Elections and electors ; studies in democratic representation.

Bibliographic Details
Main Author: Ross, J. F. S. (James Frederick Stanley)
Format: Book
Language:English
Published: London : Eyre & Spottiswoode; [label: Fair Lawn, N.J., Essential Books], 1955.
Subjects:

MARC

Tag First Indicator Second Indicator Subfields
LEADER 00000cam a2200000 4500
001 in00000038760
005 20151007081251.0
008 730924s1955 eng u
010 |a  55058145  
035 |a (OCoLC)00697049 
035 |9 AAF6128AM 
040 |c AKR  |d TXA  |d UtOrBLW 
049 |a TXAM  |c [267795] 
050 0 0 |a JF1001  |b .R6 
082 0 |a 324 
092 |a 324  |b R824e 
100 1 |a Ross, J. F. S.  |q (James Frederick Stanley) 
245 1 0 |a Elections and electors ;  |b studies in democratic representation. 
264 1 |a London :  |b Eyre & Spottiswoode; [label: Fair Lawn, N.J., Essential Books],  |c 1955. 
300 |a  480 pages :  |b diagrams, tables. ;  |c 23 cm. 
336 |a text  |b txt  |2 rdacontent 
337 |a unmediated  |b n  |2 rdamedia 
338 |a volume  |b nc  |2 rdacarrier 
504 |a Bibliographical footnotes. 
650 0 |a Elections. 
650 0 |a Elections  |z Great Britain. 
999 |a MARS 
999 f f |s ab075952-bb2f-3ae2-a367-d16b7cc82ef0  |i 151ab1c7-76d1-34d0-929e-a779697646c8  |t 0 
952 f f |p ric  |a Texas A&M University  |b Rellis Campus  |c Joint Library Facility  |d Remote Storage  |t 0  |e JF1001 .R6  |h Library of Congress classification  |i unmediated -- volume  |m A14800667710 
998 f f |a JF1001 .R6  |t 0  |l Remote Storage